000 00600cam a22002053a 4500
001 38752
003 PGUSA
005 20140828083844.0
008 120203s2012||||xxu|||||s|||||000 | eng d
040 _aPGUSA
_beng
042 _adc
100 1 _aFirebaugh, Ellen M.
245 1 4 _aThe Story of a Doctor's Telephone—Told by His Wife
_h[electronic resource] /
_cEllen M. Firebaugh
260 _bProject Gutenberg,
_c2012
506 _aPublic domain in the USA.
516 _aElectronic text
830 0 _aProject Gutenberg
_v38752
856 4 0 _uhttp://www.gutenberg.org/ebooks/38752
942 _cEB
999 _c268006
_d268006